| 000 | 00604nam a22002057a 4500 | ||
|---|---|---|---|
| 005 | 20240311121736.0 | ||
| 008 | 240226b |||||||| |||| 00| 0 eng d | ||
| 020 | _a9788131231326 | ||
| 082 |
_a617.632 _bNEW-C |
||
| 100 | _aNewman, Michael G. | ||
| 245 |
_aCarranza's Clinical Periodontology : _cTakei ,Klokkevold ,Carranza. _bSupplement / |
||
| 250 | _a11th ed . | ||
| 260 |
_aIndia : _bElsevier ; _c2013 . |
||
| 300 |
_axxvi , 599 p. : _bill ; _c27 cm . |
||
| 500 | _aInclude Index. | ||
| 650 | _aMedical / Dentistry | ||
| 700 | _aHenry H. Takei | ||
| 700 | _aPerry R. Klokkevold | ||
| 999 |
_c35185 _d35185 |
||